Najpopularniejsze instagramy w Polsce - Statystyki

Ogólne statystyki
  • Ten quiz został rozwiązany 171 razy
  • Średni wynik to 8 z 30
Statystyki odpowiedzi
Odpowiedź % Poprawnych
8 Friz
89%
9 Wersow
82%
1 Robert Lewandowski
81%
4 Anna Lewandowska
62%
11 Tromba
58%
26 Blowek
55%
29 Natsu
44%
5 Wojciech Szczesny
43%
10 Marcin Dubiel
41%
24 Mini Majk
41%
15 Stuu
38%
12 Lexy Chaplin
32%
20 Julia Kostera
20%
18 Ewa Chodakowska
17%
14 Julia Wieniawa
15%
7 Zusje
11%
3 Anna Maria Sieklucka
9%
2 Caroline Derpienski
9%
6 Veronica Bielik
9%
30 Ola Nowak
7%
16 JDabrowsky
6%
17 Joanna Jedrzejczyk
6%
19 Sylwia Przybysz
6%
21 Ari Maj
5%
25 Joanna Krupa
5%
22 Natalia Janoszek
4%
27 Fit Lovers
3%
28 Aga Grzelak
2%
13 Martyna Wojciechowska
2%
23 Suchar Codzienny
2%
Nie znaleziono quizów pasujących do podanych kryteriów
Rozkład punktacji
Procent ludzi z każdym wynikiem
Percentyl według liczby udzielonych odpowiedzi
Twoja historia wyników
Nie rozwiązałeś tego quizu